[Event "ch-IRI 2013"]
[Site "Tabriz IRI"]
[Date "2013.12.01"]
[Round "7.16"]
[White "Asnaashari,Soh"]
[Black "Asgharzadeh,M.reza"]
[Result "0-1"]
[WhiteElo "2149"]
[BlackElo "2143"]

1.d4 d5 2.c4 c6 3.Nc3 Nf6 4.Nf3 dxc4 5.a4 Bf5 6.e3 Nbd7 7.Bxc4 e6 8.O-O Bd6
9.h3 Bg6 10.Qe2 Qe7 11.Re1 O-O 12.e4 e5 13.d5 h6 14.dxc6 bxc6 15.Nh4 Bh7
16.g4 Nxe4 17.Nxe4 Bxe4 18.Qxe4 Qxh4 19.Qxc6 Bb4 20.Re3 Rad8 21.Kg2 Nb6 22.Bb3 Rd6
23.Qb5 Rf6 24.Qe2 Bc5 25.Rf3 Rd8 26.Be3 Bxe3 27.Qxe3 Rd4 28.Rxf6 Qxf6 29.Re1 e4
30.Bc2 Nd5 31.Qb3 Nf4+ 32.Kf1 Rd2 33.Qb8+ Kh7 34.Bxe4+ g6 35.Qxa7 Nxh3 36.Re2 Rd1+
37.Re1 Rd4 38.Re2 Ng5 39.Bc2 Qc6 40.Kg1 Rxg4+  0-1

[Event "ch-HUN w 2013"]
[Site "Heviz HUN"]
[Date "2013.12.03"]
[Round "1.5"]
[White "Havanecz,B"]
[Black "Erdos,B"]
[Result "1/2-1/2"]
[WhiteElo "2157"]
[BlackElo "2200"]

1.d4 d5 2.c4 c6 3.Nf3 Nf6 4.Nc3 dxc4 5.a4 Bf5 6.Nh4 Bc8 7.Nf3 Bf5 8.Nh4 Bg4
9.h3 Bh5 10.g4 Bg6 11.Nxg6 hxg6 12.e3 Qd7 13.Bg2 Na6 14.b3 cxb3 15.Qxb3 e5
16.dxe5 Nc5 17.Qb1 Nd3+ 18.Ke2 Nxe5 19.Rd1 Qc7 20.g5 Nh5 21.Ne4 Be7 22.Ba3 O-O
23.Bd6 Bxd6 24.Nxd6 Qe7 25.h4 Qe6 26.Ke1 Rad8 27.Nxb7 Rxd1+ 28.Qxd1 Qc4 29.Qd4 Nd3+
30.Kd2 Qb3 31.Bxc6 Nb4 32.Be4 Rc8 33.Ke2 Nc2 34.Qd7 Rf8 35.Bxc2 Qxc2+ 36.Kf1 Qc4+
37.Kg1 Qxh4 38.Qd5 Qg4+ 39.Qg2 Qb4 40.Qd5 Qg4+ 41.Qg2 Qb4 42.Qd5 Qg4+  1/2-1/2

[Event "IV JAHV McGregor 2013"]
[Site "Bogota COL"]
[Date "2013.12.05"]
[Round "2.9"]
[White "Almeida Quintana,O"]
[Black "Mosquera,M"]
[Result "1-0"]
[WhiteElo "2489"]
[BlackElo "2394"]

1.d4 d5 2.Nf3 Nf6 3.c4 c6 4.Nc3 dxc4 5.a4 Bf5 6.Ne5 e6 7.f3 Bb4 8.e4 Bxe4
9.Nxf7 Kxf7 10.fxe4 c5 11.d5 exd5 12.exd5 Re8+ 13.Be2 Qe7 14.d6 Qxe2+ 15.Qxe2 Rxe2+
16.Kxe2 Nc6 17.Rf1 Nd4+ 18.Kf2 Ke6 19.Re1+ Kxd6 20.Bf4+ Kd7 21.Kg1 Rd8 22.Be5 Kc6
23.Rad1 Rd7 24.Rc1 Nd5 25.Re4 a6 26.Bxd4 cxd4 27.Nxd5 Kxd5 28.Rxd4+ Kxd4
29.Rd1+ Ke4 30.Rxd7 b5 31.axb5 axb5 32.Rxg7 Bc5+ 33.Kf1  1-0

[Event "IV JAHV McGregor 2013"]
[Site "Bogota COL"]
[Date "2013.12.06"]
[Round "4.33"]
[White "Peinado,E"]
[Black "Molina,Rob"]
[Result "1/2-1/2"]
[WhiteElo "2121"]
[BlackElo "2424"]

1.Nf3 d5 2.d4 Nf6 3.c4 c6 4.Nc3 dxc4 5.a4 Bf5 6.e3 e6 7.Bxc4 Bb4 8.O-O Nbd7
9.Bd3 Bxd3 10.Qxd3 O-O 11.Rd1 Qa5 12.Bd2 Rfd8 13.Qc2 Rac8 14.Ne4 Bxd2 15.Nexd2 Qh5
16.Qb3 Rb8 17.Rac1 e5 18.Nc4 exd4 19.exd4 Nd5 20.Re1 Nf8 21.Re5 Qh6 22.Rce1 f6
23.R5e4 Qg6 24.Nh4 Qf7 25.Qg3 Qc7 26.Qg4 g6 27.Ne3 Qd7 28.Qf3 Nxe3 29.Qxe3 f5
30.Re7 Qxd4 31.Qg5 Rd5 32.b3 f4 33.Qg4 Qf6 34.g3 fxg3 35.hxg3 a5 36.Ng2 b5
37.Qe2 bxa4 38.bxa4 Rb2 39.Qe3 Rd3 40.Qf4 Qxf4 41.Nxf4 Rdd2 42.Nh3 Rd7 43.R7e5 Rd5
44.Nf4 Rdd2 45.Nh3 h6 46.Rxa5 g5 47.Rf5 Nd7 48.Kg2 g4 49.Ng1 Nc5 50.Rf4 Nd3
51.Re8+  1/2-1/2

[Event "TCh-AUT 1st Bundesliga 2013-14"]
[Site "Jenbach AUT"]
[Date "2013.12.07"]
[Round "2.1"]
[White "Lenic,L"]
[Black "Ragger,M"]
[Result "1/2-1/2"]
[WhiteElo "2651"]
[BlackElo "2646"]

1.d4 d5 2.c4 c6 3.Nf3 Nf6 4.Nc3 dxc4 5.a4 Bf5 6.Ne5 Nbd7 7.Nxc4 Qc7 8.g3 e5
9.dxe5 Nxe5 10.Bf4 Nfd7 11.Bg2 g5 12.Bxe5 Nxe5 13.Qd4 f6 14.Ne3 Bg6 15.a5 Qd6
16.Qa4 Qb4 17.Qa2 Bf7 18.Qb1 Bg6 19.Qa2 Bf7 20.Qb1 Bg6 21.Qa2 Bf7  1/2-1/2

[Event "IV JAHV McGregor 2013"]
[Site "Bogota COL"]
[Date "2013.12.08"]
[Round "9.7"]
[White "Vocaturo,D"]
[Black "Torres,Ju2"]
[Result "1-0"]
[WhiteElo "2579"]
[BlackElo "2339"]

1.d4 d5 2.c4 c6 3.Nf3 Nf6 4.Nc3 dxc4 5.a4 Bf5 6.e3 e6 7.Bxc4 Bb4 8.O-O Nbd7
9.Qe2 Bg6 10.e4 O-O 11.Bd3 Bh5 12.e5 Nd5 13.Nxd5 cxd5 14.Qe3 Be7 15.Ng5 Bxg5
16.Qxg5 Qxg5 17.Bxg5 Bg6 18.Bb5 Nb8 19.Rfc1 Nc6 20.Bxc6 bxc6 21.Be7 Rfb8
22.Ba3 Rb6 23.Rc3 a5 24.Rac1 Raa6 25.f3 f6 26.Re1 f5 27.f4 Rb7 28.Kf2 Be8
29.Ree3 Rab6 30.Rc5 Ra6 31.Ke1 h6 32.Rg3 Bh5 33.Kd2 Kf7 34.b3 Kg8 35.Kc2 Kh7
36.Bc1 Be8 37.Bd2 Rba7 38.Kb2 Bd7 39.Ka3 Be8 40.Rgc3 Kg6 41.Rc1 Kh5 42.h3 Kg6
43.Rg1 Kh7 44.g4 Kg6 45.Rc3 Rf7 46.Rcg3 Kh7 47.g5 hxg5 48.Rxg5 Rc7 49.Rc1 Rca7
50.Rc5 Bf7 51.Rg1 Bh5 52.Rgc1 Be8 53.Be1 Bd7 54.Bh4 Be8 55.Ka2 Ra8 56.Rg1 Rb8
57.Be1 Rba8 58.Bd2 R8a7 59.Rg5 Bf7 60.Bc1 Be8 61.Ba3 Rb7 62.Rc3 Kg8 63.Bc5 Ra8
64.Rcg3 Ra6 65.Kb2 Ra8 66.Kc2 Ra6 67.Kd2 Ra8 68.Ke2 Kh7 69.Kf2 Ra6 70.Ke2 Ra8
71.Kd2 Ra6 72.Kc2 Ra8 73.Kb2 Ra6 74.Ka3 Ra8 75.Rg1 Rab8 76.Rb1 Kh6 77.Rg3 Bd7
78.Rc3 Be8 79.Rg3 Bh5 80.Rb2 Kh7 81.Rc3 Be8 82.Rg2 Ra8 83.Rb2 Rab8 84.Rc1 Kg8
85.Rcb1 Kf7 86.b4 Bd7 87.bxa5 Rxb2 88.Rxb2 Rxb2 89.Kxb2 Bc8 90.Kc3 Ke8 91.h4 Ba6
92.Kb4 Kd7 93.Bd6 Kc8 94.Kc5 Kb7 95.Bf8 g6 96.Kd6 c5 97.Kxc5 Kc7 98.Bd6+ Kb7
99.Be7 Kc7 100.Bd8+ Kb8 101.Kd6 Bc8 102.Ke7  1-0

[Event "5th Penang Open 2013"]
[Site "George Town MAS"]
[Date "2013.12.10"]
[Round "3.12"]
[White "Zuherman,E"]
[Black "Lee Kah Meng Elgin"]
[Result "1/2-1/2"]
[WhiteElo "2313"]
[BlackElo "2034"]

1.d4 d5 2.Nf3 Nf6 3.c4 c6 4.Nc3 dxc4 5.a4 Bf5 6.e3 e6 7.Bxc4 Bb4 8.O-O Nbd7
9.Qb3 a5 10.Rd1 O-O 11.Ne5 Qe7 12.Nxd7 Nxd7 13.e4 Bg6 14.f3 e5 15.Ne2 exd4
16.Nxd4 Nc5 17.Qc2 Rad8 18.Be3 Rd7 19.Qe2 Rfd8 20.Qc2 h6 21.Ne2 Nxe4 22.fxe4 Bxe4
23.Rxd7 Rxd7 24.Qb3 Bd3 25.Bxf7+ Qxf7 26.Qxf7+ Rxf7 27.Nc3 Re7 28.Kf2 Bc2
29.Rc1 Bb3 30.Bd4 Rd7 31.Be3 Rf7+ 32.Kg1 Re7 33.Kf2 Bd6 34.g3 Bb4 35.Bd4 Rd7
36.Be3 Kf7 37.Re1 Re7 38.Re2 Rd7 39.Kg2 Rd3 40.Bb6 Kg8 41.Kf2 Kh7 42.Re3 Rd2+
43.Re2 Rd7 44.Re5 Rd2+ 45.Re2 Bxc3 46.bxc3 Rd5 47.Re7 Bxa4 48.Bd4 Rg5 49.h4 Rg4
50.Rxb7 Bb5 51.Kf3 h5 52.Ra7 a4 53.Be5 Bc4 54.Ke3 Bd5 55.Bf4 Rg6 56.Rxa4 Re6+
57.Kd3 Bf3 58.Ra7 Kg6 59.Kd4 Kh7 60.Be5 c5+ 61.Ke3 Rxe5+ 62.Kxf3 Kg6 63.Kf4 Re1
64.Rc7 Rf1+ 65.Ke3 Re1+ 66.Kf4 Rf1+ 67.Ke4 Re1+ 68.Kf3 Rf1+ 69.Ke2 Rf5 70.Rc6+ Kf7
71.Ke3 g6 72.Ke4 Kg7 73.Rd6 Rf1 74.Rd5 Rg1 75.Kf4 Rf1+ 76.Ke3 Re1+ 77.Kd3 Rg1
78.Rg5 Rf1 79.Kc4 Rf3 80.Kb3 Kf6 81.Kc4 Kf7 82.Kb3 Kf6 83.g4 hxg4 84.Rxg4 Rh3
85.Rc4 Ke6 86.Ka4 Kd6 87.Kb5 Rh1 88.Rg4 Rh3 89.Rxg6+ Kc7 90.Rg7+ Kd6 91.Rg6+ Kc7
92.c4 Rxh4 93.Kxc5 Rh5+ 94.Kb4 Rf5 95.Rh6 Rg5 96.c5 Rg1  1/2-1/2

[Event "5th Penang Open 2013"]
[Site "George Town MAS"]
[Date "2013.12.11"]
[Round "4.56"]
[White "Ho,Jei-Chen"]
[Black "Ng,Shi Yang"]
[Result "1-0"]
[WhiteElo "1694"]
[BlackElo "1612"]

1.d4 d5 2.c4 c6 3.Nf3 Nf6 4.Nc3 dxc4 5.a4 Bf5 6.e3 e6 7.Bxc4 Bb4 8.O-O Nbd7
9.Qe2 Bg6 10.Rd1 O-O 11.Bd3 Bh5 12.h3 Qc7 13.g4 Bg6 14.e4 Bxc3 15.bxc3 c5
16.Nh4 Rfc8 17.f4 h6 18.Nxg6 fxg6 19.Kg2 Rab8 20.Bc4 Nf8 21.d5 exd5 22.exd5 Qd6
23.Qe5 Rd8 24.Be3 b6 25.Ra2 Rb7 26.Rad2 Kf7 27.Qxd6 Rxd6 28.Kf3 Re7 29.f5 g5
30.Bg1 N8d7 31.Ba2 Ne5+ 32.Kg2 Nfd7 33.Bh2 Kf6 34.Re1 Re8 35.Rde2 Re7 36.Bc4 Re8
37.Bb5 Re7 38.Bxd7 Rxd5 39.Be6  1-0

[Event "5th Penang Open 2013"]
[Site "George Town MAS"]
[Date "2013.12.11"]
[Round "4.13"]
[White "Lee Kah Meng Elgin"]
[Black "Villanueva,N"]
[Result "0-1"]
[WhiteElo "2034"]
[BlackElo "2265"]

1.d4 Nf6 2.c4 c6 3.Nc3 d5 4.Nf3 dxc4 5.a4 Bf5 6.e3 e6 7.Bxc4 Bb4 8.O-O O-O
9.Qe2 Bg6 10.Rd1 Nbd7 11.Bd3 Bh5 12.Bc2 c5 13.Na2 Rc8 14.Bd3 Qe7 15.Nxb4 cxb4
16.e4 e5 17.d5 Nc5 18.Be3 Ncxe4 19.Bxe4 Nxe4 20.Bxa7 Ng5 21.Qe3 Nxf3+ 22.gxf3 Qf6
23.Kg2 Rc4 24.Rd3 Rf4 25.Re1 Qg6+ 26.Kh1 Bxf3+ 27.Qxf3 Rxf3 28.Rxf3 Rd8 29.Rxe5 Qa6  0-1

[Event "5th Penang Open 2013"]
[Site "George Town MAS"]
[Date "2013.12.11"]
[Round "4.8"]
[White "Suhendr,A"]
[Black "Udani,I"]
[Result "1-0"]
[WhiteElo "2223"]
[BlackElo "2299"]

1.d4 d5 2.c4 c6 3.Nc3 Nf6 4.Nf3 dxc4 5.a4 Bf5 6.e3 e6 7.Bxc4 Bb4 8.O-O O-O
9.Qe2 Bg4 10.h3 Bh5 11.Rd1 Nbd7 12.e4 Qa5 13.e5 Nd5 14.Nxd5 cxd5 15.Bd3 Bg6
16.Ng5 Be7 17.h4 Bxg5 18.Bxg5 Qb4 19.h5 Bxd3 20.Rxd3 Rfc8 21.Rad1 Rc7 22.Rg3 Kh8
23.b3 Rg8 24.Rdd3 h6 25.Bf4 Nb8 26.Rg4 Nc6 27.Bd2 Qa3 28.Qf3 Qe7 29.Qf4 Qe8
30.Rdg3 Qf8 31.Kh2 a5 32.Rxg7 Rxg7 33.Qf6 Kh7 34.Bxh6 Rxg3 35.Bxf8  1-0

[Event "5th Penang Open 2013"]
[Site "George Town MAS"]
[Date "2013.12.11"]
[Round "4.19"]
[White "Tin,Jingyao"]
[Black "Borigas,E"]
[Result "1-0"]
[WhiteElo "2172"]
[BlackElo "1937"]

1.d4 d5 2.c4 c6 3.Nf3 Nf6 4.Nc3 dxc4 5.a4 Bf5 6.e3 e6 7.Bxc4 Bb4 8.O-O O-O
9.Qe2 Nbd7 10.e4 Bg6 11.e5 Nd5 12.Nxd5 cxd5 13.Bd3 Bxd3 14.Qxd3 Be7 15.Bd2 Nb8
16.b4 Nc6 17.Rfb1 Rc8 18.a5 Nb8 19.b5 Qd7 20.Rc1 Rxc1+ 21.Rxc1 Rc8 22.Rxc8+ Qxc8
23.Kf1 a6 24.Ke2 Qd7 25.bxa6 Nxa6 26.Qb3 Qc6 27.Kd3 h6 28.Ne1 Kf8 29.Nc2 Ke8
30.g4 Nb8 31.Ke3 f6 32.exf6 Bxf6 33.f4 g5 34.Qd3 gxf4+ 35.Kxf4 Bg5+ 36.Kf3 Qc7
37.Bxg5 hxg5 38.Qd2 Qf7+ 39.Kg3 Qf6 40.Ne1 Nc6 41.Nf3 Ke7 42.Qc1 Kd7 43.Qxg5 Qxg5
44.Nxg5 Nxd4 45.h4 Nc6 46.h5 Ne7 47.Kf4 Ng8 48.Nf3 Ke7 49.g5 Kd6 50.h6 Ne7
51.Ne5  1-0

[Event "5th Penang Open 2013"]
[Site "George Town MAS"]
[Date "2013.12.11"]
[Round "5.25"]
[White "Angela,Natasha Renggalis"]
[Black "Lee Kah Meng Elgin"]
[Result "1/2-1/2"]
[WhiteElo "1788"]
[BlackElo "2034"]

1.d4 d5 2.Nf3 Nf6 3.c4 c6 4.Nc3 dxc4 5.a4 Bf5 6.e3 e6 7.Bxc4 Bb4 8.O-O O-O
9.Qe2 Bg6 10.Ne5 Nbd7 11.Nxg6 hxg6 12.e4 e5 13.d5 Nb6 14.Bb3 Bxc3 15.bxc3 cxd5
16.exd5 Nbxd5 17.Qxe5 Re8 18.Qg5 Nxc3 19.Qxg6 Nfd5 20.Qf5 Qf6  1/2-1/2

[Event "5th Penang Open 2013"]
[Site "George Town MAS"]
[Date "2013.12.12"]
[Round "7.7"]
[White "Suhendr,A"]
[Black "Causo,D"]
[Result "0-1"]
[WhiteElo "2223"]
[BlackElo "2287"]

1.d4 d5 2.c4 c6 3.Nc3 Nf6 4.Nf3 dxc4 5.a4 Bf5 6.e3 e6 7.Bxc4 Bb4 8.O-O O-O
9.Qe2 Bg6 10.Rd1 Nbd7 11.Ne5 Qa5 12.Nxg6 hxg6 13.Qc2 c5 14.d5 Nb6 15.Ba2 Bxc3
16.dxe6 Bb4 17.exf7+ Kh7 18.Be6 Rad8 19.Rxd8 Rxd8 20.e4 c4 21.Bf4 Bf8 22.e5 Nh5
23.Bg5 Qxe5 24.Bxd8 Qxe6 25.a5 Nd7 26.Rc1 Ne5 27.Qe4 Qf5 28.Qxf5 gxf5 29.Bc7 Nxf7
30.Rxc4 Nf6 31.Bb8 a6 32.Rc7 Nd8 33.Kf1 Bb4 34.Ba7 Bxa5 35.Rc5 Nc6 36.Rxf5 Kg6
37.Rc5 Bd8 38.Rxc6 bxc6 39.Ke2 Kf5 40.Kd3 Nd7 41.Kc4 Bf6 42.b3 Be7 43.Be3 Ne5+
44.Kc3 Ke4 45.h3 a5 46.Bb6 Bb4+ 47.Kc2 c5 48.Bd8 Nd3 49.f3+ Kd4 50.h4 Ne1+
51.Kb2 Nxg2 52.Bg5 Ne3 53.h5 Nf5 54.Kc2 c4 55.bxc4 Kxc4 56.Kb2 a4 57.Ka2 Bf8
58.Kb2 Ng3  0-1

[Event "5th Penang Open 2013"]
[Site "George Town MAS"]
[Date "2013.12.13"]
[Round "9.10"]
[White "Tin,Jingyao"]
[Black "Causo,D"]
[Result "1/2-1/2"]
[WhiteElo "2172"]
[BlackElo "2287"]

1.d4 d5 2.c4 c6 3.Nf3 Nf6 4.Nc3 dxc4 5.a4 Bf5 6.e3 e6 7.Bxc4 Bb4 8.O-O O-O
9.Qe2 Bg6 10.Ne5 Nbd7 11.Nxg6 hxg6 12.Rd1 Qa5 13.e4 e5 14.d5 Rad8 15.dxc6 bxc6
16.Bg5 Bxc3 17.bxc3 Nc5 18.f3 Rxd1+ 19.Rxd1 Qxa4 20.Be3 Nb7 21.Ba6 Rd8 22.Rb1 Nd6
23.g3 Nb5 24.Bxb5 cxb5 25.Rxb5 Qa1+ 26.Kg2 Qxc3 27.Rb7 Rd3 28.Bg5 a5 29.Qa2 Nd7
30.Ra7 Qb4 31.Qxa5 Qxa5 32.Rxa5 f6 33.Bc1 g5 34.Ra3 Rd1 35.Be3  1/2-1/2

[Event "TCh-BEL 2013-14"]
[Site "Belgium BEL"]
[Date "2013.12.15"]
[Round "6.6"]
[White "De Haan,E"]
[Black "Kleijn,C"]
[Result "1-0"]
[WhiteElo "2300"]
[BlackElo "2425"]

1.d4 d5 2.c4 c6 3.Nf3 Nf6 4.Nc3 dxc4 5.a4 Bf5 6.Ne5 Nbd7 7.Nxc4 Qc7 8.g3 e5
9.dxe5 Nxe5 10.Bf4 Nfd7 11.Bg2 f6 12.O-O O-O-O 13.Rc1 Nc5 14.Qe1 Rd4 15.Ne3 Qd7
16.Nxf5 Qxf5 17.Be3 Rc4 18.Nb5 cxb5 19.Qa5 Kb8 20.b4 Qd7 21.bxc5 Rxa4 22.Qc3 Qc7
23.Qb3 a6 24.Qe6 Qc8 25.Qd5 Nc4 26.Bf4+ Ka7 27.c6 bxc6 28.Qf7+ Kb6 29.Rfd1 Ba3
30.Ra1 g5 31.Bc1 Rf8 32.Qxh7 Rd8 33.Bxa3 Rxa3 34.Rac1 Rc3 35.Ra1 a5 36.h4 gxh4
37.Qxh4 Nb2 38.Rdb1 Rc4 39.Qxf6 Na4 40.e4 Nc3 41.Re1 Rf8 42.Qh6 Qd8 43.e5 b4
44.e6 Qd6 45.Bf1 Rd4 46.Qg7 Ra8 47.e7 Ne4 48.Rxa5 Re8 49.Ra6+ Kb7 50.Rea1 Qf6
51.Ra7+ Kb6 52.R1a6+ Kc5 53.Rxc6+  1-0

[Event "SportAccord Basque Women 2013"]
[Site "Beijing CHN"]
[Date "2013.12.18"]
[Round "4.1"]
[White "Dzagnidze,N"]
[Black "Gunina,V"]
[Result "1/2-1/2"]
[WhiteElo "2557"]
[BlackElo "2509"]

1.d4 d5 2.c4 c6 3.Nf3 Nf6 4.Nc3 dxc4 5.a4 Bf5 6.Ne5 Nbd7 7.Nxc4 Nb6 8.Ne5 a5
9.f3 Nfd7 10.e4 Nxe5 11.exf5 Ned7 12.Bd3 g6 13.O-O Bg7 14.Be3 O-O 15.Bf2 Re8
16.Qb3 e6 17.fxe6 Rxe6 18.Rfe1 Nf8 19.Bc4 Nxc4 20.Qxc4 Rxe1+ 21.Rxe1 Ne6
22.Rd1 Qf8 23.d5 cxd5 24.Nxd5 Bxb2 25.Qb5 Bg7 26.Qxb7 Rb8 27.Qa7 Qe8 28.Qxa5 h5
29.Nc7 Nxc7 30.Qxc7 Rc8 31.Qf4 Qe2 32.Rd7 Qe6 33.Qd2 Rc4 34.a5 Bc3 35.Rd8+ Kh7
36.Qd5 Qxd5 37.Rxd5 Bxa5 38.Be3 Bc3 39.Rd7 Kg7 40.Kf2 Be5 41.g3 Rc2+ 42.Rd2 Rxd2+
43.Bxd2 Bd4+  1/2-1/2

[Event "25th Carlos Torre Open"]
[Site "Merida MEX"]
[Date "2013.12.20"]
[Round "9.5"]
[White "Torres Rosas,L"]
[Black "Torres,Ju2"]
[Result "1-0"]
[WhiteElo "2358"]
[BlackElo "2339"]

1.d4 d5 2.c4 c6 3.Nf3 Nf6 4.Nc3 dxc4 5.a4 Bf5 6.Ne5 Nbd7 7.Nxc4 Qc7 8.Qd2 Nb6
9.Ne5 a5 10.f3 e6 11.e4 Bg6 12.Qf2 Bb4 13.Be2 O-O 14.O-O Nbd7 15.Nc4 e5 16.dxe5 Nxe5
17.Bf4 Nfd7 18.Qg3 f6 19.Rfd1 Rad8 20.Kh1 Kh8 21.Rac1 Rfe8 22.Nd5 Qb8 23.Nxb4 axb4
24.Rc2 Nc5 25.Rxd8 Qxd8 26.Bxe5 fxe5 27.Nxe5 Nxa4 28.Nxg6+ hxg6 29.Qh3+  1-0

[Event "ch-CZE Blitz Prelim 2013"]
[Site "Brno CZE"]
[Date "2013.12.21"]
[Round "1.2"]
[White "Navara,D"]
[Black "Cech,P"]
[Result "1-0"]
[WhiteElo "2708"]
[BlackElo "2396"]

1.d4 d5 2.c4 c6 3.Nc3 Nf6 4.Nf3 dxc4 5.a4 Bf5 6.Ne5 Nbd7 7.Nxc4 Qc7 8.g3 e5
9.dxe5 Nxe5 10.Bf4 Nfd7 11.Bg2 f6 12.O-O O-O-O 13.Ne3 Nc5 14.Ncd5 cxd5 15.Nxf5 Kb8
16.Rc1 Qd7 17.Ne3 Qxa4 18.Nxd5 Qxd1 19.Rfxd1 Ne6 20.Be3 Bd6 21.h3 Rhe8 22.b4 Bf8
23.Ra1 b6 24.Rd2 Nc4 25.Rda2 Nxe3 26.fxe3 Rd7 27.Nxb6 Rc7 28.Nd5 Rb7 29.b5 Bc5
30.b6 Bxb6 31.Nxb6 Rxb6 32.Rxa7 Nc7  1-0

[Event "ch-CZE Blitz Prelim 2013"]
[Site "Brno CZE"]
[Date "2013.12.21"]
[Round "2.1"]
[White "Laznicka,V"]
[Black "Cerveny,M"]
[Result "1-0"]
[WhiteElo "2681"]
[BlackElo "2334"]

1.d4 d5 2.c4 c6 3.Nc3 Nf6 4.Nf3 dxc4 5.a4 Bf5 6.e3 e6 7.a5 Na6 8.Bxc4 Nb4
9.O-O Be7 10.Qe2 O-O 11.e4 Bg6 12.Bf4 c5 13.Rfd1 cxd4 14.Nxd4 Qc8 15.Ndb5 Qc5
16.Be3 Qh5 17.f3 a6 18.Nd4 Rac8 19.b3 Nc6 20.Nxc6 Rxc6 21.Kh1 Bc5 22.Bxc5 Qxc5
23.Qd2 h6 24.Na4 Qe5 25.Nb6 Kh7 26.Qd4 Qg5 27.Rd3 h5 28.Qe3 Qxe3 29.Rxe3 Rd8
30.Re2 Ne8 31.Kg1 Rcd6 32.Kf2 Rd4 33.Ke3 e5 34.Nd5 Nd6 35.Rc1 f5 36.exf5 Bxf5
37.Kf2 Nxc4 38.bxc4 Bd3 39.Rxe5 Bxc4 40.Ne7 g6 41.Kg3 Bb5 42.Rc7 R8d7 43.Rxd7 Bxd7
44.Nd5 h4+ 45.Kf2 Rd2+ 46.Ke3 Rd1 47.Ke2 Rd4 48.Ke3 Rd1 49.Re7+ Kh6 50.Nf6 Re1+
51.Kd4 Rxe7 52.Ng8+ Kg5 53.Nxe7 Bb5 54.Nc8 Bf1 55.g3 Bg2 56.Ke3 hxg3 57.hxg3 Kh6
58.Kf2 Bh3 59.g4 Kg5 60.Nd6 Bxg4 61.fxg4 Kxg4 62.Nxb7 Kf5 63.Nc5 Ke5 64.Nxa6 Kd6
65.Nb4  1-0

[Event "51st Groningen Open A 2013"]
[Site "Groningen NED"]
[Date "2013.12.21"]
[Round "1.10"]
[White "Zakhartsov,Vi"]
[Black "Balje,J"]
[Result "1-0"]
[WhiteElo "2555"]
[BlackElo "2198"]

1.d4 d5 2.c4 c6 3.Nf3 Nf6 4.Nc3 dxc4 5.a4 Bf5 6.Ne5 Nbd7 7.Nxc4 Qc7 8.g3 e5
9.dxe5 Nxe5 10.Bf4 Nfd7 11.Bg2 g5 12.Ne3 gxf4 13.Nxf5 O-O-O 14.Qc2 Ng6 15.O-O-O Kb8
16.Ne4 h5 17.Kb1 h4 18.g4 h3 19.Bf3 Nde5 20.Rxd8+ Qxd8 21.Rd1 Qc7 22.Nf6 Be7
23.Nxe7 Qxe7 24.g5 Rd8 25.Be4 Rxd1+ 26.Qxd1 Kc7 27.Qd4 Qe6 28.Qxa7 Qc4 29.Qa5+ Kb8
30.Bxg6  1-0

[Event "Chinese Teams 2013"]
[Site "Tianjin CHN"]
[Date "2013.12.22"]
[Round "20.6"]
[White "Tan Zhongyi"]
[Black "Wu,Mengxian"]
[Result "1/2-1/2"]
[WhiteElo "2510"]
[BlackElo "1853"]

1.d4 d5 2.c4 c6 3.Nf3 Nf6 4.Nc3 dxc4 5.a4 Bf5 6.Ne5 Nbd7 7.Nxc4 Qc7 8.g3 e5
9.dxe5 Nxe5 10.Bf4 Nfd7 11.Bg2 g5 12.Nxe5 gxf4 13.Nxd7 O-O-O 14.Qd4 Qxd7
15.Qxf4 Bd6 16.Qc1 Bh3 17.O-O Kb8 18.Qh6 Bg4 19.Rfd1 Qe6 20.Qxe6 Bxe6 21.Be4 h5
22.h4 Bb3 23.Rd3 Bc4 24.Rd2 Bb3 25.Bc2 Be6 26.Rad1 Kc7 27.Ne4 Be5 28.Rxd8 Rxd8
29.Rxd8 Kxd8 30.b3 Ke7 31.Ng5 Bd7 32.e3 b5 33.f4 Bc3 34.Kf2 a5 35.Bd1 bxa4
36.bxa4 c5 37.Bxh5 Bxa4 38.Bxf7 Bc2 39.Bd5 a4 40.Ne4 Bb4 41.Ke2 c4 42.Bxc4 Bxe4  1/2-1/2

[Event "Chinese Teams 2013"]
[Site "Tianjin CHN"]
[Date "2013.12.23"]
[Round "21.1"]
[White "Li Xueyi"]
[Black "Wu,Mengxian"]
[Result "1-0"]
[WhiteElo "2139"]
[BlackElo "1853"]

1.d4 d5 2.c4 c6 3.Nf3 Nf6 4.Nc3 dxc4 5.a4 Bf5 6.Ne5 Nbd7 7.Nxc4 Qc7 8.g3 e5
9.dxe5 Nxe5 10.Bf4 Nfd7 11.Bg2 f6 12.Nxe5 Nxe5 13.Qb3 Qf7 14.Qxf7+ Nxf7 15.O-O Bd6
16.Bxd6 Nxd6 17.b4 Rc8 18.Rfd1 Ke7 19.a5 Rhd8 20.Rdc1 Nc4 21.Na4 Ne5 22.f4 Nf7
23.Nc5 Rc7 24.a6 b6 25.Na4 b5 26.Nc3 Rcc8 27.Na2 Rd2 28.Rxc6 Rxe2 29.Rxc8 Bxc8
30.Nc3 Re6 31.Nxb5 Rxa6 32.Rxa6 Bxa6 33.Nxa7 Nd6 34.Nc6+ Ke6 35.Nd4+ Ke7
36.Kf2 g5 37.Bc6 Bc8 38.Ne2 Nc4 39.Bb5 Nb6 40.Bd3 h5 41.h4 gxh4 42.gxh4 Bg4
43.Nc3 Ke6 44.Ke3 Nd5+ 45.Nxd5 Kxd5 46.Be2 Bf5 47.Bxh5 Kc4 48.Bf7+ Kxb4  1-0

[Event "51st Groningen Open A 2013"]
[Site "Groningen NED"]
[Date "2013.12.27"]
[Round "6.3"]
[White "Greenfeld,A"]
[Black "Andriasian,Z"]
[Result "0-1"]
[WhiteElo "2531"]
[BlackElo "2610"]

1.d4 Nf6 2.Nf3 d5 3.c4 c6 4.Nc3 dxc4 5.a4 Bf5 6.Nh4 e6 7.Nxf5 exf5 8.e3 Bb4
9.Bxc4 O-O 10.O-O Nbd7 11.Qc2 g6 12.f3 Nb6 13.Ba2 Re8 14.Qb3 Nbd5 15.e4 Bxc3
16.bxc3 fxe4 17.fxe4 Nxe4 18.Qxb7 Re7 19.Qxc6 Ndxc3 20.Be3 Ne2+ 21.Kh1 N4g3+
22.hxg3 Nxg3+ 23.Kg1 Nxf1 24.Bg5 Qxd4+ 25.Kh1 Ng3+ 26.Kh2 Rae8  0-1

[Event "Cracovia Open A 2013-14"]
[Site "Krakow POL"]
[Date "2013.12.28"]
[Round "2.16"]
[White "Sieciechowicz,M"]
[Black "Bjerke,S"]
[Result "1-0"]
[WhiteElo "2457"]
[BlackElo "2192"]

1.d4 d5 2.c4 c6 3.Nf3 Nf6 4.Nc3 dxc4 5.a4 Bf5 6.Ne5 e6 7.f3 Bb4 8.e4 Bxe4
9.fxe4 Nxe4 10.Bd2 Qxd4 11.Nxe4 Qxe4+ 12.Qe2 Bxd2+ 13.Kxd2 Qd5+ 14.Kc2 Na6
15.Nxc4 O-O 16.Qe5 Rab8 17.Be2 f6 18.Qxd5 cxd5 19.Ne3 Rfc8+ 20.Kb1 Nb4 21.Rd1 Rc5
22.a5 Nc6 23.Rc1 Rxc1+ 24.Kxc1 Nd4 25.Kd1 Nxe2 26.Kxe2 Rc8 27.Ra4 Kf7 28.Rb4 Rc7
29.Kd3 Ke7 30.Nc2 e5 31.Ne3 Ke6 32.Rb5 Rd7 33.Rc5 f5 34.Rc8 d4 35.Nc4 e4+
36.Kd2 f4 37.Re8+ Re7 38.Rd8 Rd7 39.Rf8 g5 40.b3 d3 41.Re8+ Re7 42.Rxe7+ Kxe7
43.Kc3 g4 44.g3  1-0

[Event "51st Groningen Open A 2013"]
[Site "Groningen NED"]
[Date "2013.12.29"]
[Round "8.1"]
[White "L'Ami,E"]
[Black "Andriasian,Z"]
[Result "1/2-1/2"]
[WhiteElo "2645"]
[BlackElo "2610"]

1.d4 d5 2.c4 c6 3.Nc3 Nf6 4.Nf3 dxc4 5.a4 Bf5 6.Ne5 Nbd7 7.Nxc4 Qc7 8.g3 e5
9.dxe5 Nxe5 10.Bf4 Nfd7 11.Bg2 g5 12.Nxe5 gxf4 13.Nxd7 O-O-O 14.Qd4 Qxd7
15.Qxf4 Bd6 16.Qc1 Kb8 17.a5 a6 18.O-O h5 19.h4 Rhg8 20.Ra4 Qc7 21.Rd1 Rde8
22.Kf1 Ka8 23.Ne4 Bxe4 24.Rxe4 Rxe4 25.Bxe4 Bxg3 26.fxg3 Qxg3 27.Qc5 Qh3+
28.Kf2 Qg3+ 29.Kf1 Qh3+ 30.Kf2 Qg3+  1/2-1/2

[Event "6th Marseille Open 2013"]
[Site "Marseille FRA"]
[Date "2013.12.29"]
[Round "8.4"]
[White "Riff,V"]
[Black "Sanchez,Joseph"]
[Result "0-1"]
[WhiteElo "2354"]
[BlackElo "2534"]

1.d4 Nf6 2.Nf3 d5 3.c4 c6 4.Nc3 dxc4 5.a4 Bf5 6.Nh4 e6 7.Nxf5 exf5 8.e3 Bd6
9.Bxc4 O-O 10.Qc2 g6 11.O-O Nbd7 12.f3 Nb6 13.Bb3 Bc7 14.Rd1 Nbd5 15.e4 fxe4
16.fxe4 Ng4 17.e5 Bxe5 18.dxe5 Qb6+ 19.Kh1 Nf2+ 20.Qxf2 Qxf2 21.Bxd5 cxd5
22.Nxd5 Rfd8 23.Bg5 Qxb2 24.Ne7+ Kf8 25.Nxg6+ hxg6 26.Bxd8 Qxe5 27.Bh4 Rc8
28.Bg3 Qg5 29.a5 Rc2 30.Rg1 Kg7 31.Bb8 Qc5 32.h3 b5 33.axb6 axb6 34.Rae1 f6
35.Rd1 g5  0-1

[Event "2nd Gurgaon Open 2014"]
[Site "Gurgaon IND"]
[Date "2014.01.04"]
[Round "5.10"]
[White "Prasanna,Ra"]
[Black "Deshpande,Ani"]
[Result "1-0"]
[WhiteElo "2399"]
[BlackElo "2312"]

1.d4 d5 2.c4 c6 3.Nf3 Nf6 4.Nc3 dxc4 5.a4 Bf5 6.e3 e6 7.Bxc4 Bb4 8.O-O Nbd7
9.Qe2 Bg6 10.e4 O-O 11.Bd3 Bh5 12.e5 Nd5 13.Nxd5 cxd5 14.Qe3 Be7 15.Ne1 Bg6
16.Bxg6 hxg6 17.Qh3 Nb8 18.Nf3 Nc6 19.Qg4 Qb6 20.Rd1 Qb3 21.Bg5 Rae8 22.Rac1 Qxb2
23.Rb1 Qc2 24.Qh3 Qc3 25.Qh4 f6 26.exf6 gxf6 27.Bh6 Rf7 28.Rxb7 Qc2 29.Rc1 Qd3
30.h3 Qa6 31.Rc7 Nb4 32.Bd2 Qxa4 33.Qg4 Kg7 34.Qxe6 Qa6 35.Qxa6 Nxa6 36.Rxa7 Ba3
37.Rxf7+  1-0

[Event "TCh-NED Meesterklasse 2013-14"]
[Site "Netherland NED"]
[Date "2014.01.04"]
[Round "4.5"]
[White "Wantola,I"]
[Black "Pijpers,A"]
[Result "1/2-1/2"]
[WhiteElo "2351"]
[BlackElo "2360"]

1.Nf3 d5 2.d4 Nf6 3.c4 c6 4.Nc3 dxc4 5.a4 Bf5 6.Nh4 Bg4 7.h3 Bh5 8.g4 Bg6
9.Nxg6 hxg6 10.e3 e6 11.Bxc4 Bb4 12.Qf3 Qa5 13.Bd2 Nbd7 14.h4 g5 15.h5 Nd5
16.Bxd5 cxd5 17.Rc1 Bxc3 18.Rxc3 Qxa4 19.O-O Qb5 20.Rfc1 O-O 21.Rc7 a5 22.Kg2 a4
23.Bb4 Ne5 24.Qg3 Nd3 25.Bxf8 Nxc1 26.Bxg7 Nd3 27.Bf6 Ne1+ 28.Kg1 Qe2 29.Rxb7 Nf3+
30.Kg2 Nh4+ 31.Kh2 Nf3+ 32.Kg2 Nh4+ 33.Kh2 Nf3+ 34.Kg2  1/2-1/2

[Event "TCh-NED Meesterklasse 2013-14"]
[Site "Netherland NED"]
[Date "2014.01.04"]
[Round "4.10"]
[White "Roobol,M"]
[Black "Lemmers,O"]
[Result "1/2-1/2"]
[WhiteElo "2330"]
[BlackElo "2383"]

1.d4 Nf6 2.c4 c6 3.Nc3 d5 4.Nf3 dxc4 5.a4 Bf5 6.e3 e6 7.Bxc4 Bb4 8.O-O O-O
9.Nh4 Nbd7 10.f3 Bg6 11.Qe2 e5 12.Nxg6 hxg6 13.Rd1 exd4 14.Rxd4 Qe7 15.Ne4 Rad8
16.Bd2 Bxd2 17.Qxd2 Nb6 18.Nxf6+ Qxf6 19.Bb3 Rxd4 20.Qxd4 Qxd4 21.exd4 Rd8
22.a5 Nd5 23.Kf2 Ne7 24.Rd1 Nf5 25.d5 c5 26.Bc4 Kf8 27.g4 Nd6 28.Bf1 g5 29.Kg3 Ke7
30.Rc1 Rc8 31.h4 gxh4+ 32.Kxh4 Ne8 33.g5 Kd6 34.Bc4 Ke5 35.Kg4 Nd6 36.b3 Re8
37.Rd1 g6 38.Bb5 Rh8 39.Bc4 b5 40.axb6 axb6 41.f4+ Ke4 42.Bd3+ Ke3 43.f5 gxf5+
44.Bxf5 b5 45.Rd3+ Ke2 46.Rc3 c4 47.bxc4 bxc4 48.Kf4 Kd2 49.Rc2+ Kd1 50.Ke5 Nxf5
51.Rxc4 Ng3 52.Kf6 Ke2 53.Kxf7 Rd8 54.Ke6 Rg8 55.Kf6 Rd8 56.Ke6 Re8+ 57.Kf6 Rd8
58.Ke6  1/2-1/2